[Event "RSA-chT U20"]
[Site "Boksburg"]
[Date "2020.01.06"]
[Round "4.3"]
[White "Van Wyk, Ruann"]
[Black "Mampane, Mohlomphegi"]
[Result "1-0"]
[WhiteElo "1592"]
[BlackElo "1436"]
[PlyCount "43"]
[EventDate "2020.01.04"]
[EventType "team-tourn"]
[EventRounds "7"]
[EventCountry "RSA"]
[SourceTitle "CBM 194 Extra"]
[Source "ChessBase"]
[SourceDate "2020.03.31"]
[SourceVersion "1"]
[SourceVersionDate "2020.03.31"]
[SourceQuality "1"]
[WhiteTeam "Sedibeng U20"]
[BlackTeam "Capricorn U20"]
[WhiteTeamCountry "RSA"]
[BlackTeamCountry "RSA"]

1. e4 e5 2. d4 exd4 3. c3 d6 4. Bc4 Be6 5. Bxe6 fxe6 6. cxd4 Nf6 7. Bg5 Be7 8. Nc3 d5 9. exd5 Nxd5 10. Bxe7 Nxe7 11. Nf3 0-0 12. Qb3 Nf5 13. Qxe6+ Kh8 14. Qc4 Nc6 15. Rd1 Nh4 16. Nxh4 Qxh4 17. 0-0 Rad8 18. Ne2 Rfe8 19. Rd2 Ne5 20. Qxc7 Rc8 21. Qxb7 Qg5 22. f4 1-0

[Event "RSA-chT U16"]
[Site "Cape Town"]
[Date "2016.01.04"]
[Round "1.7"]
[White "Van Wyk, Ruann"]
[Black "Moodley, Liam"]
[Result "0-1"]
[WhiteElo "1164"]
[BlackElo "1453"]
[PlyCount "115"]
[EventDate "2016.01.04"]
[EventType "team-tourn"]
[EventRounds "7"]
[EventCountry "RSA"]
[SourceTitle "CBM 170 Extra"]
[Source "ChessBase"]
[SourceDate "2016.02.25"]
[SourceVersion "1"]
[SourceVersionDate "2016.02.25"]
[SourceQuality "1"]
[WhiteTeam "Sedibeng"]
[BlackTeam "Ethekwini"]
[WhiteTeamCountry "RSA"]
[BlackTeamCountry "RSA"]

1. e4 e6 2. Nf3 c5 3. Nc3 a6 4. d3 Be7 5. a3 b5 6. Bd2 Bb7 7. Qe2 Nf6 8. h3 d6 9. e5 dxe5 10. Nxe5 Nc6 11. Nxc6 Bxc6 12. f3 Qc7 13. Rb1 Nh5 14. Rg1 Bh4+ 15. Kd1 Ng3 16. Qe3 Nf5 17. Qf4 Qxf4 18. Bxf4 g5 19. Bh2 Bf2 20. Rh1 h6 21. Be2 Ne3+ 22. Kd2 Nxg2 23. Bg1 Bxg1 24. Rhxg1 Nf4 25. Rh1 f5 26. Rh2 Kf7 27. h4 Rag8 28. Rg1 Nxe2 29. Kxe2 Kf6 30. hxg5+ hxg5 31. Rxh8 Rxh8 32. Rf1 Rh3 33. Nd1 Rh4 34. Rg1 c4 35. Ke3 cxd3 36. cxd3 Rh3 37. Rf1 g4 38. b4 Bxf3 39. Nf2 Bg2+ 40. Nxh3 gxh3 41. Kf2 Bxf1 42. Kxf1 Ke5 43. Kf2 Kd4 44. Kg3 Kxd3 45. Kxh3 Ke3 46. Kg2 f4 47. Kf1 Kf3 48. Kg1 Ke2 49. Kh2 f3 50. Kg3 f2 51. Kf4 f1Q+ 52. Ke5 Qf5+ 53. Kd6 Kd3 54. a4 bxa4 55. b5 axb5 56. Kc6 Qd5+ 57. Kb6 Kc4 58. Kc7 0-1